ARRUPE JESUIT UNIVERSITY

CORONAVIRUS -STOP THE SPREAD - CLEAN,DISINFECT,COVER

A captive voice : (Record no. 118388)

MARC details
000 -LEADER
fixed length control field 00866cam a2200289 a 4500
001 - CONTROL NUMBER
control field 4482962
003 - CONTROL NUMBER IDENTIFIER
control field ARRUPE
005 - DATE AND TIME OF LATEST TRANSACTION
control field 20131022173634.0
008 - FIXED-LENGTH DATA ELEMENTS--GENERAL INFORMATION
fixed length control field 940607s1994 kyu b 001 0 eng
010 ## - LIBRARY OF CONGRESS CONTROL NUMBER
LC control number 93031034
020 ## - INTERNATIONAL STANDARD BOOK NUMBER
International Standard Book Number 066425540X (alk. paper)
035 ## - SYSTEM CONTROL NUMBER
System control number (OCoLC)29319934
035 ## - SYSTEM CONTROL NUMBER
System control number (OCoLC)ocm29319934
035 ## - SYSTEM CONTROL NUMBER
System control number (NNC)4482962
040 ## - CATALOGING SOURCE
Original cataloging agency DLC
Transcribing agency DLC
Modifying agency DLC
050 00 - LIBRARY OF CONGRESS CALL NUMBER
Classification number BV4211.2
Item number .B858 1994
090 ## - LOCALLY ASSIGNED LC-TYPE CALL NUMBER (OCLC); LOCAL CALL NUMBER (OCLC)
Classification number (OCLC) (R) ; Classification number, CALL (RLIN) (NR) BV4211.2
Local cutter number (OCLC) ; Book number/undivided call number, CALL (RLIN) .B858 1994
300 ## - PHYSICAL DESCRIPTION
Dimensions 22 cm.
100 1# - MAIN ENTRY--PERSONAL NAME
Personal name Buttrick, David,
Dates associated with a name 1927-
9 (RLIN) 2689
245 12 - TITLE STATEMENT
Title A captive voice :
Remainder of title the liberation of preaching /
Statement of responsibility, etc David Buttrick.
250 ## - EDITION STATEMENT
Edition statement 1st ed.
260 ## - PUBLICATION, DISTRIBUTION, ETC. (IMPRINT)
Place of publication, distribution, etc Louisville, Ky. :
Name of publisher, distributor, etc Westminister/John Knox Press,
Date of publication, distribution, etc c1994.
300 ## - PHYSICAL DESCRIPTION
Extent xii, 164 p. ;
504 ## - BIBLIOGRAPHY, ETC. NOTE
Bibliography, etc Includes bibliographical references (p.115-149) and index.
650 #0 - SUBJECT ADDED ENTRY--TOPICAL TERM
Topical term or geographic name as entry element Preaching.
9 (RLIN) 2690
942 ## - ADDED ENTRY ELEMENTS (KOHA)
Source of classification or shelving scheme Library of Congress Classification
Koha item type Monograph ( Printed materials)
Holdings
Withdrawn status Lost status Source of classification or shelving scheme Damaged status Not for loan Home library Current library Date acquired Total Checkouts Full call number Barcode Date last seen Price effective from Koha item type
    Library of Congress Classification     ARRUPE LIBRARY ARRUPE LIBRARY 22/10/2013   BV4211.2 .B858 1994 46411452 24/02/2026 22/10/2013 Monograph ( Printed materials)

 

Arrupe Library. PO Box MP320 Mt Pleasant, Harare, Zimbabwe
263 242 745411|librarian@aju.ac.zw